Statistiques concernant Ville à pays n°6

Cliquez ici pour prendre le quiz!

Statistiques générales

  • Ce quiz a été pris 106 fois
  • Le résultat moyen est 9 sur 16

Statistiques - réponses

VilleEt pays% Correct
NewcastleRoyaume-Uni
98%
LausanneSuisse
91%
BuffaloÉtats-Unis
88%
WindhoekNamibie
72%
AccraGhana
70%
GrazAutriche
66%
BelmopanBelize
65%
EsbjergDanemark
59%
OuluFinlande
55%
Cluj-NapocaRoumanie
51%
BusanCorée du sud
50%
MostarBosnie-Herzegovine
41%
ChibaJapon
35%
LubumbashiRD Congo
34%
MechhedIran
30%
KorceAlbanie
22%

Distribution des résultats

Percentile par nombre de réponses

% des personnes avec chaque résultat

Votre développement - résultats

Vous n’avez pas pris ce quiz